Umění přesvědčivé komunikace : jak ovlivňovat názory, postoje a činy druhých /

Uložené v:
Podrobná bibliografia
Hlavný autor: Borg, James
Ďalší autori: Pěnčiková, Magda (Translator)
Médium: Kniha
Jazyk:Czech
English
Vydané: Praha : Grada, 2007.
Vydanie:1. vyd.
Edícia:Manažer Komunikace
Témy:
ISBN: 9788024719719 (brož.)
Fyzický popis: 177 s. : il. ; 24 cm.
Tagy: Pridať tag
Žiadne tagy, Buďte prvý kto otaguje tento záznam!

MARC

LEADER 00000nam a2200000 a 4500
001 000319213
005 20081003104538.0
008 071018s2007 xr a g f 000 0 cze d
020 |a 9788024719719 (brož.) 
040 |a SVKKK  |b slo  |c SVKKK  |e AACR2 
041 1 |a cze  |h eng 
044 |a xr  |c CZ 
072 7 |a 316.4/.7  |x Sociálne interakcie  |2 konspekt 
080 |a 316.772.4  |2 2001 
080 |a 316.77:81`42  |2 2001 
080 |a 316.776.33  |2 2001 
080 |a 17.024.4  |2 2001 
080 |a 331.101.3  |2 2001 
080 |a (035)  |2 2001 
100 1 |a Borg, James 
240 1 0 |a Persuasion - the art of influencing people.  |l Česky 
245 1 0 |a Umění přesvědčivé komunikace :  |b jak ovlivňovat názory, postoje a činy druhých /  |c James Borg ; [přeložila Magda Pěnčiková]. 
250 |a 1. vyd. 
260 |a Praha :  |b Grada,  |c 2007. 
300 |a 177 s. :  |b il. ;  |c 24 cm. 
490 1 |a Manažer. Komunikace 
500 |a Preklad z angl. orig. 
500 |a Údaj o prekl. prevzatý z rubu titul. strany 
650 0 7 |a inerpersonálna komunikácia  |2 SVKKKPH 
650 0 7 |a komunikačné zručnosti  |2 SVKKKPH 
650 0 7 |a úspech  |2 SVKKKPH 
650 0 7 |a profesijný úspech  |2 SVKKKPH 
655 7 |a príručky  |2 SVKKKPH 
700 1 |a Pěnčiková, Magda  |4 trl 
765 0 |t Persuasion - the art of influencing people. Česky  |a Borg, James 
830 0 |a Manažer  |p Komunikace 
910 |a svkkk 
919 |a 978-80-247-1971-9 
998 |a BK 
090 |g SCKHL  |k Sklad Pribinova prízemie  |a IV.200979  |j 994209  |i 2720083074  |s Absenčne 
090 |g SCKHL  |k Sklad Pribinova prízemie  |a IV.200980  |j 994210  |i 2720083073  |s Absenčne 
090 |g SCKHL  |k Sklad Pribinova prízemie  |a IV.207113  |j 1014167  |i 2720164279  |s Absenčne 
090 |g SCKHL  |k Sklad Pribinova prízemie  |a IV.207114  |j 1013247  |i 2720164278  |s Absenčne